Statistics for US Catholic Dioceses Map Quiz

Click here to take the quiz!

General Stats

  • This quiz has been taken 3,011 times
    (3,010 since last reset)
  • The average score is 104 of 175

Answers on the Map

Answers color-coded by a green-red scale on the quiz's map according to % correct below.
 

Answer Stats

Diocese% Correct
Miami
94%
New York
94%
Los Angeles
93%
Atlanta
92%
Dallas
92%
Galveston-Houston
92%
Seattle
92%
Boston
91%
Chicago
91%
Denver
91%
Las Vegas
91%
Portland
91%
San Francisco
91%
Detroit
90%
New Orleans
90%
Phoenix
90%
Salt Lake City
90%
San Diego
89%
Jackson
88%
Philadelphia
88%
Saint Paul & Minneapolis
88%
Washington
88%
Anchorage-Juneau
87%
Boise
87%
Nashville
87%
Oklahoma City
87%
Orlando
87%
Honolulu
86%
Kansas City
86%
Austin
85%
Buffalo
85%
El Paso
85%
Indianapolis
85%
Kansas City-Saint Joseph
85%
Memphis
85%
Pittsburgh
85%
Cleveland
84%
Little Rock
84%
Wheeling-Charleston
84%
Baltimore
83%
Charleston
83%
Columbus
83%
St. Louis
83%
Albany
81%
Raleigh
81%
Reno
81%
Richmond
81%
Sacramento
81%
San Antonio
81%
Santa Fe
81%
Springfield
81%
Springfield-Cape Girardeau
81%
Springfield (in Illinois)
81%
Baton Rouge
80%
Cincinnati
80%
Milwaukee
80%
Pensacola-Tallahassee
80%
Charlotte
79%
Cheyenne
79%
Birmingham
78%
Des Moines
78%
Louisville
78%
Lincoln
77%
Omaha
77%
Providence
77%
Tulsa
76%
Savannah
75%
Tucson
75%
Bismarck
74%
Madison
73%
San Jose
73%
Colorado Springs
72%
Helena
72%
Hartford
71%
Mobile
71%
Newark
70%
Rochester
70%
Winona-Rochester
70%
Trenton
69%
Fargo
68%
Harrisburg
67%
Fairbanks
66%
Lansing
66%
Oakland
66%
Sioux Falls
66%
Toledo
66%
Corpus Christi
65%
Fresno
65%
Green Bay
65%
Spokane
65%
Erie
64%
Great Falls-Billings
64%
Lexington
64%
Wichita
64%
Knoxville
63%
Syracuse
63%
Burlington
61%
Duluth
61%
Fort Worth
61%
Fort Wayne-South Bend
59%
Grand Rapids
59%
Amarillo
57%
Manchester
57%
St. Petersburg
57%
Gary
56%
Jefferson City
54%
Wilmington
54%
Scranton
53%
Arlington
52%
Lubbock
50%
Shreveport
50%
Brownsville
48%
Orange
48%
Brooklyn
47%
Biloxi
46%
Lafayette
45%
Lafayette (in Louisiana)
45%
Baker
44%
San Bernardino
44%
Sioux City
43%
Laredo
42%
Peoria
42%
Worcester
42%
Allentown
41%
Bridgeport
41%
Las Cruces
41%
Alexandria
40%
Pueblo
38%
Rapid City
38%
Kalamazoo
37%
Davenport
36%
Youngstown
36%
Stockton
35%
Evansville
34%
Palm Beach
34%
Rockford
34%
Monterey
33%
St. Augustine
32%
Marquette
30%
Yakima
30%
Camden
29%
Dubuque
29%
Beaumont
28%
Saint Cloud
28%
Joliet
27%
Lake Charles
27%
Saginaw
27%
Altoona-Johnstown
26%
Tyler
26%
Dodge City
24%
La Crosse
24%
Santa Rosa
24%
Superior
21%
Covington
20%
Grand Island
20%
Salina
20%
San Angelo
20%
Paterson
19%
Victoria
19%
Fall River
18%
Owensboro
18%
Gallup
16%
Houma-Thibodaux
16%
Steubenville
16%
Gaylord
14%
Norwich
14%
Venice
14%
Rockville Centre
13%
Greensburg
11%
Belleville
10%
Crookston
10%
Metuchen
10%
New Ulm
10%
Ogdensburg
10%

Score Distribution

Percentile by Number Answered

Percent of People with Each Score

Your Score History

You have not taken this quiz since the last reset